| 000 | 00387nam a2200145Ia 4500 | ||
|---|---|---|---|
| 008 | 221030s9999 xx 000 0 und d | ||
| 041 | _aEnglish | ||
| 100 | _aA. Chakrabarti | ||
| 245 | 2 |
_aA Text Book On Power System Engineering _cby A. Chakrabarti, M. L. Soni |
|
| 260 |
_bDhanpat Rai Pub _aNew Delhi _c2014 |
||
| 300 | _a835 | ||
| 650 | _aBB EE | ||
| 700 | _aM. L. Soni | ||
| 942 | _cBK | ||
| 999 |
_c15336 _d15336 |
||